The Only State... Quiz Stats

Quiz Updated Aug 4, 2012

Challenge
Share
Tweet
Embed
Score 0/50 Timer 12:00
1 Play Today
Exceptional Quality State % Correct
...to border more than two Great Lakes?Michigan
76.2%
...where prostitution is legal?Nevada
70.2%
...to border the Canadian province of New Brunswick?Maine
68.3%
...to lie entirely above 1,000 meters elevation?Colorado
68.2%
...to host three modern Olympic Games?California
68.2%
...to contain more than one Ivy League school?New York
65.5%
...whose postal abbreviation consists of two vowels?Iowa
64.7%
...to have territory in the Eastern Hemisphere?Alaska
64.7%
...to be named after an American?Washington
64.4%
...where a nuclear weapon was exploded prior to the bombing of Japan?New Mexico
64.2%
...that has 'parishes' instead of counties?Louisiana
53.2%
...to have multiple native sons immortalized atop Mount Rushmore?Virginia
53.1%
...where less than 26% of its citizens identify themselves as White/Caucasian?Hawaii
51.4%
...whose name appears in another state's most populous city?Kansas
51%
...with a community-owned major league professional sports team?Wisconsin
49.1%
...with a modern city founded by European colonists prior to 1600?Florida
46.3%
...to host a Confederate President's inauguration?Alabama
44.5%
...to produce two US Presidents whose sons also became Presidents?Massachusetts
43.5%
...that allows residents to vote from outer space?Texas
38.6%
...with a state capital of over a million people?Arizona
38.5%
...to have a higher population density than Puerto Rico?New Jersey
36.7%
...without commercial air service?Delaware
30.4%
...whose three largest cities begin with the same letter?Ohio
30.4%
...to have a lighthouse that stands over 60 meters high?North Carolina
29.1%
...without a McDonalds within the borders of its state capital?Vermont
28%
Exceptional Quality State % Correct
...whose current State Capitol building predates the revolution?Maryland
27.7%
...named after a German-born monarch?Georgia
27.3%
...whose official name is more than four words long?Rhode Island
27.1%
...never to cast an electoral vote for Ronald Reagan?Minnesota
26.9%
...to be admitted to the Union under a President Roosevelt?Oklahoma
25.8%
...to insist upon statewide female suffrage as a requirement for its entry into the Union?Wyoming
25.6%
...in which diamonds are mined?Arkansas
25%
...with an automobile on its commemorative State Quarter?Indiana
23.9%
...to have a Unicameral Legislature?Nebraska
23.5%
...to be represented by an African-American Senator prior to the 20th Century?Mississippi
21.6%
...in which the Northern half is in a different time zone than the Southern half?Idaho
21.6%
...to have a county where a plurality of citizens report their primary ancestry as Polish?Pennsylvania
19.9%
...whose legal right to statehood was brought before the Supreme Court?West Virginia
17.9%
...whose median age is under 30 years old?Utah
16.3%
...that has no law requiring seatbelts for adults in automobiles?New Hampshire
15.5%
...with a state-wide ban on the carrying of concealed firearms?Illinois
15.2%
...to have two Federal Reserve Banks?Missouri
15.2%
...to include a noncontiguous parcel of land completely surrounded by two other states?Kentucky
15.1%
...whose name has no letters in common with that of its capital?South Dakota
14.2%
...whose official State Motto is in Spanish?Montana
12.9%
...whose two biggest cities have lent their names to a Tony-winning musical and an Oscar-winning film, respectively?Tennessee
12.2%
...with different designs on either side of its State Flag?Oregon
11.4%
...to have a state-owned bank?North Dakota
9%
...whose official state seal is not circular?Connecticut
7.2%
...to have divorce laws written into its Constitution?South Carolina
7%

You're not logged in!

Compare scores with friends on all Sporcle quizzes.
Sign Up with Email
OR
Log In

You Might Also Like...

Show Comments

Extras

Top Quizzes Today


Score Distribution

Your Account Isn't Verified!

In order to create a playlist on Sporcle, you need to verify the email address you used during registration. Go to your Sporcle Settings to finish the process.

Report this User

Report this user for behavior that violates our Community Guidelines.

Details: